| Tag |
First Indicator |
Second Indicator |
Subfields |
| LEADER |
00000cam a2200000 4500 |
| 001 |
in00000041373 |
| 005 |
20151007072553.0 |
| 008 |
740710s1918 nyuaf b 00010 eng u |
| 010 |
|
|
|a 18008703
|
| 035 |
|
|
|a (OCoLC)00942104
|
| 035 |
|
|
|9 AAE8136AM
|
| 040 |
|
|
|c SNN
|d TXA
|d UtOrBLW
|
| 049 |
|
|
|a TXAM
|c 1 [11568]
|c 2 [67391]
|
| 050 |
0 |
0 |
|a S494
|b .B3
|
| 092 |
|
|
|a 575.6
|b B112g
|
| 100 |
1 |
|
|a Babcock, E. B.
|q (Ernest Brown),
|d 1877-1954.
|
| 245 |
1 |
0 |
|a Genetics in relation to agriculture /
|c by Ernest Brown Babcock ... and Roy Elwood Clausen.
|
| 250 |
|
|
|a 1st ed.
|
| 264 |
|
1 |
|a New York :
|b McGraw-Hill Book Company, Inc., [etc., etc.],
|c 1918.
|
| 300 |
|
|
|a xx, 675 pages :
|b illustrations, IV color plate (including frontispiece) diagrams ;
|c 24 cm.
|
| 336 |
|
|
|a text
|b txt
|2 rdacontent
|
| 337 |
|
|
|a unmediated
|b n
|2 rdamedia
|
| 338 |
|
|
|a volume
|b nc
|2 rdacarrier
|
| 490 |
0 |
|
|a Agricultural publications
|
| 504 |
|
|
|a "List of literature cited": pages 622-647.
|
| 650 |
|
0 |
|a Plant breeding.
|
| 650 |
|
0 |
|a Livestock.
|
| 650 |
|
0 |
|a Variation (Biology)
|
| 700 |
1 |
|
|a Clausen, Roy Elwood,
|d 1891-
|
| 740 |
0 |
|
|a Agriculture, Genetics in relation to.
|
| 999 |
|
|
|a MARS
|
| 999 |
f |
f |
|s 6c35e78e-d82c-349a-9bac-bce97dc0a013
|i e93ab6e6-df0e-3b50-80ce-bee647cd33fe
|t 0
|
| 952 |
f |
f |
|p ric
|a Texas A&M University
|b Rellis Campus
|c Joint Library Facility
|d Remote Storage
|t 0
|e S494 .B3
|h Library of Congress classification
|i unmediated -- volume
|l 1918
|m A14800980168
|
| 998 |
f |
f |
|a S494 .B3
|t 0
|l Remote Storage
|